Every college's top draft pick - Statistics

General Stats
  • This quiz has been taken 11 times
  • The average score is 37 of 136
Answer Stats
College Drafted to Year Answer Round Pick Pos % Correct
Alabama Panthers 2023 Bryce Young 1 1 QB
86%
Baylor Redskins 2012 Robert Griffin 1 2 QB
86%
West Virginia Titans 2005 Adam Jones 1 5 DB
71%
Utah 49ers 2005 Alex Smith 1 1 QB
71%
UAB Jets 2002 Bryan Thomas 1 22 DE
71%
USC Bears 2024 Caleb Williams 1 1 QB
71%
Georgia Tech Lions 2007 Calvin Johnson 1 2 WR
71%
Auburn Panthers 2011 Cam Newton 1 1 QB
71%
East Carolina Titans 2008 Chris Johnson 1 24 RB
71%
Duke Giants 2019 Daniel Jones 1 6 QB
71%
Ole Miss Giants 2004 Eli Manning 1 1 QB
71%
Wisconsin Browns 2007 Joe Thomas 1 3 OT
71%
Wyoming Bills 2017 Josh Allen 1 7 QB
71%
NC State Texans 2006 Mario Williams 1 1 DE
71%
Tennessee Colts 1998 Peyton Manning 1 1 QB
71%
Clemson Jaguars 2021 Trevor Lawrence 1 1 QB
71%
BYU Jets 2021 Zach Wilson 1 2 QB
71%
Stanford Colts 2012 Andrew Luck 1 1 QB
57%
UConn Cowboys 2015 Byron Jones 1 27 DB
57%
Penn State Browns 2000 Courtney Brown 1 1 DE
57%
Toldeo Broncos 1993 Dan Williams 1 11 DE
57%
Florida State Buccaneers 2015 Jameis Winston 1 1 QB
57%
California Rams 2016 Jared Goff 1 1 QB
57%
LSU Bengals 2020 Joe Burrow 1 1 QB
57%
Delware Ravens 2008 Joe Flacco 1 18 QB
57%
Oklahoma Cardinals 2019 Kyler Murray 1 1 QB
57%
TCU Chargers 2001 LaDainian Tomlinson 1 5 RB
57%
Arizona State Bengals 2002 Levi Jones 1 10 OT
57%
Oregon Titans 2015 Marcus Mariota 1 2 QB
57%
Boston College Falcons 2008 Matt Ryan 1 3 QB
57%
Virginia Tech Falcons 2001 Michael Vick 1 1 QB
57%
North Carolina Bears 2017 Mitchell Trubisky 1 2 QB
57%
Nebraska Lions 2011 Ndamukong Suh 1 2 DT
57%
Southern Miss Falcons 1992 Tony Smith 1 19 RB
57%
Texas Tech Raiders 2023 Tyree Wilson 1 7 DE
57%
Arkansas State Vikings 2008 Tyrell Johnson 2 43 DB
57%
Rutgers 49ers 2010 Anthony Davis 1 11 OT
43%
Boise State Raiders 2025 Ashton Jeanty 1 6 RB
43%
Miami (FL) Titans 2025 Cam Ward 1 1 QB
43%
Michigan State Lions 2003 Charles Rogers 1 2 WR
43%
Western Michigan Titans 2017 Corey Davis 1 5 WR
43%
Fresno State Texans 2002 David Carr 1 1 QB
43%
Syracuse Eagles 1999 Donovan Mcnabb 1 2 QB
43%
Jacksonville State 49ers 1990 Eric Davis 2 53 DB
43%
Liberty Steelers 1990 Eric Green 1 21 TE
43%
South Carolina Texans 2014 Jadeveon Clowney 1 1 DE
43%
Buffalo Raiders 2014 Khalil Mack 1 5 LB
43%
Texas Cardinals 2001 Leonard Davis 1 2 OT
43%
Colorado Jaguars 2025 Travis Hunter 1 2 WR/CB
43%
Maryland 49ers 2006 Vernon Davis 1 6 TE
43%
UCF Jaguars 2014 Blake Bortles 1 3 QB
29%
New Mexico Bears 2000 Brian Urlacher 1 9 LB
29%
Marshall Jaguars 2007 Byron Leftwich 1 7 QB
29%
Minnesota Packers 1990 Darrell Thompson 1 19 RB
29%
Arkansas Raiders 2008 Darren McFadden 1 4 RB
29%
Washington State Patriots 1993 Drew Bledsoe 1 1 QB
29%
Central Michigan Chiefs 2013 Eric Fisher 1 1 OT
29%
Vanderbilt Broncos 2006 Jay Cutler 1 11 QB
29%
Illinois Colts 1990 Jeff George 1 1 QB
29%
Utah State Packers 2020 Jordan Love 1 26 QB
29%
Pittsburgh Cardinals 2004 Larry Fitzgerald 1 3 WR
29%
San Diego State Colts 1994 Marshall Faulk 1 2 RB
29%
Texas A&M Browns 2017 Myles Garrett 1 1 DE
29%
Cincinnati Jets 2022 Sauce Gardner 1 4 CB
29%
Kentucky Browns 1999 Tim Couch 1 1 QB
29%
Georgia Jaguars 2022 Travon Walker 1 1 LB
29%
Missouri Jets 2025 Armand Membou 1 7 OT
14%
Miami (OH) Steelers 2004 Ben Roethlisberger 1 11 QB
14%
Appalachian State Rams 2012 Brian Quick 2 33 WR
14%
Mississippi State Seahawks 2022 Charles Cross 1 9 OT
14%
Louisiana Bears 2003 Charles Tillman 2 35 DB
14%
Virginia Rams 2008 Chris Long 1 2 DE
14%
SMU Broncos 2018 Courtland Sutton 2 40 WR
14%
Air Force Chargers 1997 Daniel Palmer 6 178 C
14%
Bowling Green Browns 2025 Harold Fannin 3 67 TE
14%
Michigan Dolphins 2008 Jake Long 1 1 OT
14%
South Florida Giants 2010 Jason Pierre-Paul 1 15 DE
14%
Tulane Bills 2004 J.P. Losman 1 22 QB
14%
Oklahoma State Jaguars 2012 Justin Blackmon 1 5 WR
14%
Ohio St Rams 1997 Orlando Pace 1 1 OT
14%
Northwestern Titans 2023 Peter Skoronski 1 11 OT
14%
Sam Houston Raiders 2018 P.J. Hall 2 57 DT
14%
Notre Dame Seahawks 1993 Rick Mirer 1 2 QB
14%
Iowa Raiders 2004 Robert Gallery 1 2 OT
14%
Oregon State Saints 2024 Taliese Fuaga 1 14 OT
14%
UTEP Giants 2018 Will Hernandez 2 34 OG
14%
Iowa State Jets 2023 Will Mcdonald 1 15 DE
14%
Tulsa Cardinals 2021 Zaven Collins 1 16 LB
14%
Wake Forest Seahawks 2009 Aaron Curry 1 4 LB
0%
Nevada Jets 1996 Alex Van Dyke 2 31 WR
0%
Louisville Texans 2007 Amobi Okoye 1 10 DT
0%
Kansas Buccaneers 2008 Aqib Talib 1 20 DB
0%
Hawaii Broncos 2002 Ashley Lelie 1 19 WR
0%
Rice Falcons 1994 Bert Emanuel 2 45 WR
0%
Kent State Falcons 1998 Bob Hallen 2 53 OG
0%
Ball State Giants 1997 Brad Maynard 3 95 P
0%
Army Lions 2008 Caleb Campbell 7 218 DB
0%
Akron Browns 2005 Charlie Frye 3 67 QB
0%
Arizona Patriots 1990 Chris Singleton 1 8 LB
0%
Georgia State Raiders 2012 Christo Bilukidi 6 189 DE
0%
Texas State Chargers 2015 Craig Mager 3 83 DB
0%
James Madison Bengals 2000 Curtis Keaton 4 97 RB
0%
Florida Jaguars 2015 Dante Fowler 1 3 LB
0%
Missouri State Cowboys 2011 David Arkin 4 110 OG
0%
Houston Bengals 1992 David Klinger 1 6 QB
0%
Memphis Chiefs 2012 Dontari Poe 1 12 DT
0%
UCLA Browns 1991 Eric Turner 1 2 DB
0%
UNLV Browns 2007 Eric Wright 2 53 DB
0%
Western Kentucky Chargers 2017 Forrest Lamp 2 38 OG
0%
South Alabama Rams 2017 Gerald Everett 2 44 TE
0%
Temple Cardinals 2017 Haason Reddick 1 13 LB
0%
North Texas Buccaneers 2021 Jaelon Darden 4 129 WR
0%
New Mexico State Ravens 2018 Jaleel Scott 4 132 WR
0%
San Jose St Bears 2009 Jarron Gilbert 3 68 DE
0%
Coastal Carolina Bengals 2008 Jerome Simpson 2 46 WR
0%
Georgia Southern Cowboys 2013 J.J. Wilcox 3 80 DB
0%
Navy Patriots 2015 Joe Cardona 5 166 LS
0%
FIU Jaguars 2013 Jonathan Cyprien 2 33 DB
0%
Northern Illinois Chargers 2009 Larry English 1 16 DE
0%
Charlotte Browns 2016 Larry Ogunjobi 3 65 DT
0%
Troy Bills 2008 Leodis McKelvin 1 11 DB
0%
Eastern Michigan Cardinals 1999 L.J. Shelton 1 21 OT
0%
UTSA Saints 2018 Marcus Davenport 1 14 DE
0%
Ohio Raiders 2009 Mike Mitchell 2 47 DB
0%
Old Dominion Giants 2019 Oshane Ximines 3 31 DE
0%
FAU Cardinals 2011 Rob Housler 3 69 TE
0%
Purdue Redskins 2011 Ryan Kerrigan 1 16 LB
0%
UL Monroe Panthers 1995 Shawn King 2 36 DE
0%
Washington Colts 1992 Steve Emtman 1 1 DT
0%
Kansas State Cowboys 2003 Terence Newman 1 5 DB
0%
Kennesaw State Bears 2023 Travis Bell 7 218 DL
0%
Middle Tennessee Titans 2003 Tyrone Calico 2 60 WR
0%
Indiana Saints 1992 Vaughn Dunbar 1 21 RB
0%
UMass Jets 2010 Vladimir Ducasse 2 61 OT
0%
Colorado State Giants 2014 Weston Richburg 2 43 C
0%
Louisiana Tech Saints 1993 Willie Roaf 1 8 OT
0%
No matching quizzes found
Score Distribution
Percent of People with Each Score
Percentile by Number Answered
Your Score History
You have not taken this quiz